000 00563cam a2200181 4500
001 5085
005 20181127174743.0
008 021025s1996 ii a b f001 0 eng
010 _a 2002294537
020 _a9789993689966
043 _aa-bt---
245 0 4 _aFolded into a paper boat :
_ba collection of poetry from Bhutan /
_cEdited by Dolma C. Roder, Kunzang Choki and Sonam Deki.
260 _aThimphu :
_bRiyang Books,
_c2015.
300 _a55 p. ;
_b
_c16 cm.
650 _aBhutanese poetry.
_v
_x
_y
_z
_2
650 _aPoetry.
_v
_x
_y
_z
_2
650 0 _aTales
_zBhutan.
999 _c4250
_d4250